000 00451ntaaa2200193 4500
003 01
005 20251027202801.0
008 0714s1973 ag 01
040 _aAR-BaBN
_bspa
_cAR-BaBN
_eaacr
_dRIC
082 _a839.7000 C32
100 _aCederblad, Herman
_928096
245 _aVagspel
250 _a1 ed.
260 _as.l.,
_cs.f.
300 _a36 p
650 _apoesía en idioma sueco
_928097
650 _asueco poesias
_928098
942 _cBK
999 _c23162
_d23162